History of European Countries - Statistics

General Stats
  • This quiz has been taken 42 times
  • The average score is 6 of 23
Answer Stats
Hint Answer % Correct
1870 - 1940 French Third Republic
58%
927 - 1707 Kingdom of England
55%
1918 - 1933 Weimar Republic
55%
1922 - 1991 Soviet Union
52%
1707 - 1801 Kingdom of Great Britain
45%
1933 - 1945 Nazi Germany
42%
1949 - 1990 West Germany
42%
1721 - 1917 Russian Empire
36%
1946 - 1958 French Fourth Republic
30%
1852 - 1870 Second French Empire
27%
1871 - 1918 German Empire
24%
1861 - 1946 Kingdom of Italy
24%
1922 - 1943 Fascist Italy
21%
1945 - 1949 Allied-occupied Germany
18%
519 - 927 Wessex
18%
1940 - 1944 Free France
15%
1324 - 1861 Kingdom of Sardinia
12%
1816 - 1861 Kingdom of the Two Sicilies
12%
1524 - 1721 Tsardom of Russia
12%
1917 Russian Republic
9%
1801 - 1922 United Kingdom of Great Britain and Ireland
9%
1944 - 1946 Provisional Government
6%
1917 - 1922 Russian Soviet Republic
6%
No matching quizzes found
Score Distribution
Percent of People with Each Score
Percentile by Number Answered
Your Score History
You have not taken this quiz